Los sucesos de agosto ante el Parlamento : (Registro nro. 148862)
[ vista simple ]
| 000 -LEADER | |
|---|---|
| campo de control de longitud fija | 01822nam a2200373 i 4500 |
| 001 - NÚMERO DE CONTROL | |
| campo de control | 148862 |
| 003 - IDENTIFICADOR DE NÚMERO DE CONTROL | |
| campo de control | ES-MaACL |
| 005 - FECHA Y HORA DE LA ÚLTIMA TRANSACCIÓN | |
| campo de control | 20260202125641.0 |
| 007 - CAMPO FIJO DE DESCRIPCIÓN FÍSICA--INFORMACIÓN GENERAL | |
| campo de control de longitud fija | t| |
| 008 - DATOS DE LONGITUD FIJA--INFORMACIÓN GENERAL | |
| campo de control de longitud fija | 070214s1918 sp |||| |cspa d |
| 080 ## - NÚMERO DE LA CLASIFICACIÓN DECIMAL UNIVERSAL | |
| Número de la Clasificación Decimal Universal | 331.109.321(460)"1917" |
| 245 04 - MENCIÓN DEL TÍTULO | |
| Título | Los sucesos de agosto ante el Parlamento : |
| Resto del título | discursos íntegros de los señores Largo Caballero, Anguiano, Saborit, Prieto, Besteiro, Marcelino Domingo, Eduardo Barriobero, etc. / |
| Mención de responsabilidad, etc. | biografías de los mencionados oradores por Torralva Becci ; interesantísimas notas explicativas por Augusto Vivero ; copiosa colección de documentos referentes a las juntas de defensa, a la Asamblea de Parlamentarios y a la huelga ; prólogo del Doctor Simarro. |
| 260 ## - PUBLICACIÓN, DISTRIBUCIÓN, ETC. | |
| Lugar de publicación, distribución, etc. | Madrid : |
| Nombre del editor, distribuidor, etc. | [s. n.], |
| Fecha de publicación, distribución, etc. | 1918 ( |
| Fabricante | Tip. Artística) |
| 300 ## - DESCRIPCIÓN FÍSICA | |
| Extensión | XVI, 382 p. ; |
| Dimensiones | 19 cm. |
| 530 ## - NOTA DISPONIBLE DE FORMULARIO FÍSICO ADICIONAL | |
| Nota de formato físico adicional disponible | Disponible en formato digital. |
| 650 #4 - PUNTO DE ACCESO ADICIONAL DE MATERIA--TÉRMINO DE MATERIA | |
| Término de materia o nombre geográfico como elemento de entrada | Huelga general, España, 1917. |
| 9 (RLIN) | 158622 |
| 650 #4 - PUNTO DE ACCESO ADICIONAL DE MATERIA--TÉRMINO DE MATERIA | |
| Término de materia o nombre geográfico como elemento de entrada | Políticos- |
| Subdivisión geográfica | España- |
| Subdivisión general | Biografías. |
| 9 (RLIN) | 136753 |
| 651 #0 - PUNTO DE ACCESO ADICIONAL DE MATERIA--NOMBRE GEOGRÁFICO | |
| Nombre geográfico | España- |
| Subdivisión general | Política y gobierno- |
| Subdivisión cronológica | 1902-1931 |
| 9 (RLIN) | 226938 |
| 651 #4 - PUNTO DE ACCESO ADICIONAL DE MATERIA--NOMBRE GEOGRÁFICO | |
| Nombre geográfico | España- |
| Subdivisión general | Historia- |
| Subdivisión cronológica | 1902-1931, Alfonso XIII |
| 9 (RLIN) | 8276 |
| 700 1# - ENTRADA AGREGADA--NOMBRE PERSONAL | |
| Nombre de persona | Largo Caballero, Francisco, |
| Fechas asociadas al nombre | 1869-1946 |
| 9 (RLIN) | 234653 |
| 700 1# - ENTRADA AGREGADA--NOMBRE PERSONAL | |
| Nombre de persona | Anguiano, Daniel. |
| 9 (RLIN) | 158623 |
| 700 1# - ENTRADA AGREGADA--NOMBRE PERSONAL | |
| Nombre de persona | Saborit, Andrés. |
| 9 (RLIN) | 101211 |
| 700 1# - ENTRADA AGREGADA--NOMBRE PERSONAL | |
| Nombre de persona | Prieto, Indalecio, |
| Fechas asociadas al nombre | 1883-1962 |
| 9 (RLIN) | 93889 |
| 700 1# - ENTRADA AGREGADA--NOMBRE PERSONAL | |
| Nombre de persona | Besteiro, Julián, |
| Fechas asociadas al nombre | 1870-1940 |
| 9 (RLIN) | 28619 |
| 700 1# - ENTRADA AGREGADA--NOMBRE PERSONAL | |
| Nombre de persona | Domingo, Marcelino, |
| Fechas asociadas al nombre | 1884-1939 |
| 9 (RLIN) | 45120 |
| 700 1# - ENTRADA AGREGADA--NOMBRE PERSONAL | |
| Nombre de persona | Barriobero y Herrán, Eduardo, |
| Fechas asociadas al nombre | 1875-1939 |
| 9 (RLIN) | 26012 |
| 700 1# - ENTRADA AGREGADA--NOMBRE PERSONAL | |
| Nombre de persona | Torralva Beci, E ( |
| Fechas asociadas al nombre | 1881-1929) |
| 9 (RLIN) | 158621 |
| 700 1# - ENTRADA AGREGADA--NOMBRE PERSONAL | |
| Nombre de persona | Vivero, Augusto. |
| 9 (RLIN) | 115564 |
| 700 1# - ENTRADA AGREGADA--NOMBRE PERSONAL | |
| Nombre de persona | Simarro Lacabra, Luis, |
| Fechas asociadas al nombre | 1851-1921 |
| 9 (RLIN) | 106463 |
| 852 4# - LOCALIZACIÓN | |
| Ubicación | ES-MaACL |
| Número de control de estantería | F-12406 |
| Ubicación en estantería | Sala Pecera Planta 2 |
| 856 4# - LOCALIZACIÓN Y ACCESO ELECTRÓNICOS | |
| Identificador Uniforme de Recursos | <a href="http://bdh-rd.bne.es/viewer.vm?id=0000234792&page=1 ">http://bdh-rd.bne.es/viewer.vm?id=0000234792&page=1 </a> |
| Texto de enlace | Biblioteca Digital Hispánica |
| 942 ## - ELEMENTOS DE ENTRADA SECUNDARIOS (KOHA) | |
| Fuente del sistema de clasificación o colocación | Clasificación decimal universal |
| Estatus retirado | Estado de pérdida | Estado de daño | No para préstamo | Colección | Biblioteca de origen | Biblioteca actual | Ubicación en estantería | Fecha de adquisición | Fuente de adquisición | Total de préstamos | Signatura topográfica completa | Código de barras | Visto por última vez | Precio de reemplazo | Tipo de ítem Koha |
|---|---|---|---|---|---|---|---|---|---|---|---|---|---|---|---|
| Colección digital | Biblioteca del Ateneo de Madrid | Biblioteca del Ateneo de Madrid | Sala Pecera Planta 2 | 17/01/2008 | F-12406 | 1155345 | 23/02/2023 | 23/02/2023 | Libro impreso |
